№ 2 (212); Каротажник

গ্রন্থ-পঞ্জীর বিবরন
Parent link:Каротажник: научно-технический вестник/ Ассоциация научно-технического и делового сотрудничества по геофизическим исследованиям и работам в скважинах. № 2 (212).— , 2000-
ভাষা:রুশ
প্রকাশিত: 2012
বিন্যাস: MixedMaterials গ্রন্থ
KOHA link:https://koha.lib.tpu.ru/cgi-bin/koha/opac-detail.pl?biblionumber=469756

MARC

LEADER 00000nam2a2200000 4500
001 469756
005 20231101091246.0
035 |a (RuTPU)RU\TPU\prd\135132 
090 |a 469756 
100 |a 20120329a20009999m y0rusy50 ca 
101 0 |a rus 
102 |a RU 
200 0 |a № 2 (212) 
210 |d 2012 
461 1 |0 (RuTPU)RU\TPU\prd\35788  |t Каротажник  |o научно-технический вестник  |f Ассоциация научно-технического и делового сотрудничества по геофизическим исследованиям и работам в скважинах  |v № 2 (212)  |d 2000- 
801 0 |a RU  |b 63413507  |c 20010227  |g PSBO 
801 1 |a RU  |b 63413507  |c 20120329 
801 2 |a RU  |b 63413507  |c 20210315  |g RCR 
942 |c BK 
999 |a НТБ_ТПУ  |b НФ  |e -1/20120110  |p П-9377  |s 6/20110919  |u 0,00  |v 1